Vincitori del Premio Strega (Letteratura) - Statistics

Statistiche generali
  • Questo quiz è stato fatto 28 volte
  • Il punteggio medio è 15 su 76
Statistiche sulle risposte
Anno Titolo Editore Autore % Corretto
1957 L'isola di Arturo Einaudi Elsa Morante
96%
1981 Il nome della rosa Bompiani Umberto Eco
96%
1959 Il Gattopardo Feltrinelli Giuseppe Tomasi di Lampedusa
85%
1950 La bella estate Einaudi Cesare Pavese
62%
1963 Lessico famigliare Einaudi Natalia Ginzburg
62%
2008 La solitudine dei numeri primi Mondadori Paolo Giordano
62%
2019 M. Il figlio del secolo Bompiani Antonio Scurati
58%
2006 Caos calmo Bompiani Sandro Veronesi
54%
2020 Il colibrì La nave di Teseo Sandro Veronesi
54%
2002 Non ti muovere Mondadori Margaret Mazzantini
50%
2017 Le otto montagne Einaudi Paolo Cognetti
50%
1958 Sessanta racconti Mondadori Dino Buzzati
42%
1956 Cinque storie ferraresi Einaudi Giorgio Bassani
42%
1979 La chiave a stella Einaudi Primo Levi
42%
1960 La ragazza di Bube Einaudi Carlo Cassola
38%
2007 Come Dio comanda Mondadori Niccolò Ammaniti
38%
1990 La chimera Einaudi Sebastiano Vassalli
38%
1972 Paese d'ombre Mondadori Giuseppe Dessì
35%
2015 La ferocia Einaudi Nicola Lagioia
35%
1952 I racconti Bompiani Alberto Moravia
31%
2010 Canale Mussolini Mondadori Antonio Pennacchi
31%
2021 Due vite Neri Pozza Emanuele Trevi
31%
2022 Spatriati Einaudi Mario Desiati
31%
2001 Via Gemito Feltrinelli Domenico Starnone
27%
1996 Bella vita e guerre altrui di Mr. Pyle, gentiluomo Mondadori Alessandro Barbero
23%
2016 La scuola cattolica Rizzoli Edoardo Albinati
23%
1947 Tempo di uccidere Longanesi Ennio Flaiano
23%
2014 Il desiderio di essere come tutti Einaudi Francesco Piccolo
23%
1961 Ferito a morte Bompiani Raffaele La Capria
19%
1967 Poveri e semplici Vallecchi Anna Maria Ortese
15%
1951 Quasi una vita Bompiani Corrado Alvaro
15%
2018 La ragazza con la Leica Guanda Helena Janeczek
15%
1962 Il clandestino Mondadori Mario Tobino
15%
2012 Inseparabili: il fuoco amico dei ricordi Mondadori Alessandro Piperno
12%
1988 Le menzogne della notte Bompiani Gesualdo Bufalino
12%
1982 Sillabario n. 2 Mondadori Goffredo Parise
12%
1968 L'occhio del gatto Rizzoli Alberto Bevilacqua
8%
1997 Microcosmi Garzanti Claudio Magris
8%
1999 Buio Rizzoli Dacia Maraini
8%
1993 Ninfa plebea Leonardo Domenico Rea
8%
2004 Il dolore perfetto Mondadori Ugo Riccarelli
8%
1985 L'armata dei fiumi perduti Mondadori Carlo Sgorlon
4%
2000 N. Einaudi Ernesto Ferrero
4%
1977 La miglior vita Rizzoli Fulvio Tomizza
4%
1969 Le parole tra noi leggere Einaudi Lalla Romano
4%
1986 Rinascimento privato Mondadori Maria Bellonci
4%
1995 Passaggio in ombra Feltrinelli Mariateresa Di Lascia
4%
1954 Le lettere da Capri Garzanti Mario Soldati
4%
2005 Il viaggiatore notturno Feltrinelli Maurizio Maggiani
4%
2003 Vita Rizzoli Melania Mazzucco
4%
1984 Tolstoj Longanesi Pietro Citati
4%
2009 Stabat Mater Einaudi Tiziano Scarpa
4%
1992 Nottetempo, casa per casa Mondadori Vincenzo Consolo
4%
2013 Resistere non serve a niente Rizzoli Walter Siti
4%
2011 Storia della mia gente Bompiani Edoardo Nesi
0%
1998 I bei momenti Mondadori Enzo Siciliano
0%
1976 Le quattro ragazze Wieselberger Mondadori Fausta Cialente
0%
1978 Un altare per la madre Garzanti Ferdinando Camon
0%
1994 La casa del padre Bompiani Giorgio Montefoschi
0%
1964 L'ombra delle colline Mondadori Giovanni Arpino
0%
1949 La memoria Bompiani Giovanni Battista Angioletti
0%
1955 Un gatto attraversa la strada Mondadori Giovanni Comisso
0%
1989 La grande sera Mondadori Giuseppe Pontiggia
0%
1974 La morte del fiume Mondadori Guglielmo Petroni
0%
1970 Le stelle fredde Mondadori Guido Piovene
0%
1973 Allegri, gioventù Rizzoli Manlio Cancogni
0%
1983 Il Natale del 1833 Rusconi Mario Pomilio
0%
1953 L'amante fedele Mondadori Massimo Bontempelli
0%
1966 Una spirale di nebbia Rizzoli Michele Prisco
0%
1965 La macchina mondiale Garzanti Paolo Volponi
0%
1991 La strada per Roma Einaudi Paolo Volponi
0%
1971 La spiaggia d'oro Rizzoli Raffaello Brignetti
0%
1987 Le isole del paradiso Mondadori Stanislao Nievo
0%
1975 A caso Rizzoli Tommaso Landolfi
0%
1948 Villa Tarantola Edizioni della Meridiana Vincenzo Cardarelli
0%
1980 La vita ingenua Rizzoli Vittorio Gorresio
0%
Nessun quiz corrispondente trovato
Distribuzione punteggi
Percentuale di utenti per punteggio
Percentile per numero di risposta
I tuoi punteggi nel tempo
Non hai fatto questo quiz